00302cam a22000977a 4500008004000000100001900040245007700059260003800136300001000174700002000184180718b2001 xxu||||| |||| 00| 0 eng d aSexena, Anupma aPramukh bharatiya rajnitik vicharakcby Anupma Sexena and Archana Kumari aNew DelhibGyanda Prakashanc2001 a394p. aKumari, Archana